| 000 | 00699nam a2200229 4500 | ||
|---|---|---|---|
| 003 | OSt | ||
| 005 | 20240703084014.0 | ||
| 006 | a | ||
| 008 | 240703b |||||||| |||| 00| 0 eng d | ||
| 020 | _a9780521708432 | ||
| 040 |
_aDWCL-Main lib. _cOC |
||
| 082 |
_2Second edition _aCirc. 515.35 T223m 2008 |
||
| 100 | _aTaubes, Clifford H. | ||
| 245 | _aModeling differential equations in biology / | ||
| 250 | _aSecond edition | ||
| 260 |
_aUK : _bCambridge University Press, _cc2008. |
||
| 300 |
_axxiii, _b500 p. : ill. ; _c25 cm. |
||
| 504 | _aIncludes index. | ||
| 650 | _a1. Differential equations-Biology. | ||
| 650 | _a2. Biomathematics. | ||
| 942 |
_2ddc _n0 _cBK-CIRC _eSecond edition _kCirc. |
||
| 999 |
_c1906 _d1906 |
||